00596nam a22001697a 450000500170000001000170001702000260003403500170006003700410007708200150011810000210013324500660015426000590022027000970027930000300037670000200040620231229143140.0 aB-756265-268 a9789356403307c599.00 aB-756265-268 aBloomsbury Publishing India Pvt. Ltd 22nda380.1 aVarley, Rosemary aPrinciples of Retailing/cRosemary Varley and Mohammed Rafiq  aNew Delhi bBloomsbury Publishing India Pvt. Ltdc2023 aSecond Floor, LSC Building No. 4 DDA Complex Pocket C-6 & 7, Vasant KunjbNew Delhi e110070 a340p.bcol.illc24cm(Pbk) aMohammed Rafiq